LITERATURA Y CONCIENCIA POLITICA EN AMERICA LATINA/

Uloženo v:
Podrobná bibliografie
Hlavní autor: Carpentier, Alejo (autor)
Médium: Kniha
Témata:
Tagy: Přidat tag
Žádné tagy, Buďte první, kdo vytvoří štítek k tomuto záznamu!

MARC

LEADER 00000nam^a2200000^a^4500
001 000219674
005 20250521000000.0
009 20260310103824.591
035 |a 040836 
037 |a Acervo Xavier Clavigero 
082 |a 801. 95  |b CAR 
100 |a Carpentier, Alejo  |e (autor) 
245 1 0 |a LITERATURA Y CONCIENCIA POLITICA EN AMERICA LATINA/  |c ALEJO CARPENTIER 
264 |a MADRID :  |b ALBERTO CORAZON,  |c 1969 
300 |a 142p. 
336 |a texto  |b txt  |2 rdacontenido 
337 |a sin mediación  |b n  |2 rdamedio 
338 |a volumen  |b nc  |2 rdasoporte 
649 |a XX 
650 |a Literatura -  |x Historia y Crítica 
910 |a Fondo General 
920 |a Impresos - Libros 
930 |a Colección General 
940 |a Literatura 
905 |a 101 
901 |a 040836  |b IT1  |c LIT  |i 040836  |u 20250521 
902 |a https://opac.biblio.iteso.mx/vufind/Record/000219674